Statystyki dla Gatunki gołębiowatych w Polsce

Kliknij tutaj aby rozwiązać quiz!

Ogólne statystyki

  • Ten quiz został rozwiązany 4 razy
  • Średni wynik to 5 z 6

Statystyki odpowiedzi

Lp.Gatunek% Poprawnych
1.Gołąb skalny (gołąb miejski)
100%
3.Grzywacz
100%
2.Sierpówka
75%
6.Siniak
75%
5.Turkawka wschodnia
50%
4.Turkawka zwyczajna
50%

Rozkład punktacji

Percentyl według liczby udzielonych odpowiedzi

Procent ludzi z każdym wynikiem

Twoja historia wyników

Nie rozwiązałeś tego quizu